Guerreiro Ramos (Record no. 134334)

MARC details
000 -LÍDER
campo de controle de tamanho fixo 00670 a2200181 4500
001 - NÚMERO DE CONTROLE
campo de controle 134334
020 ## - ISBN - INTERNATIONAL STANDARD BOOK NUMBER
ISBN - International Standard Book Number 85-99386-02-6
040 ## - FONTE DA CATALOGAÇÃO
Instituição que transcreveu o registro Leonardo Da Vinci
041 ## - CÓDIGO DE IDIOMA
Código do idioma do texto/trilha sonora ou título diferente Português
082 ## - CDD - CLASSIFICAÇÃO DECIMAL DE DEWEY
Número de Classificação 351.981 S655g
Número do exemplar S655g
100 ## - ENTRADA PRINCIPAL--NOME PESSOAL
Nome pessoal SOARES, Luiz Antonio Alves
245 ## - TÍTULO
Título Guerreiro Ramos
Restante do título considerações críticas a respeito da sociedade centrada no<br/>mercado
260 ## - PUBLICAÇÃO, DISTRIBUIÇÃO, ETC.
Nome do editor, distribuidor, etc. Conselho Regional de Administração
Data da publicação, distribuição, etc. 2005
Local de publicação, distribuição, etc. Rio de Janeiro
300 ## - DESCRIÇÃO FÍSICA
Extensão 126
362 ## - DATAS DE PUBLICAÇÃO E/OU DESIGNAÇÃO SEQUENCIAL
Datas de publicação e/ou designação sequencial 20050000
697 ## - ENTRADA DE ASSUNTO LOCAL--ENTIDADE COLETIVA (RLIN)
Nome corporativo ou nome da jurisdição Administração pública
-- Guerreiro Ramos
-- Economia de mercado
-- Crise econômica
-- Economia política
-- Conjuntura política brasileira
-- Governo Reagan
-- FIPEN
-- Brasil
942 ## - ELEMENTOS DE ENTRADA ADICIONADOS (KOHA)
Tipo de material Koha Livros
Holdings
Situação do descarte Situação das perdas Situação física Não pode ser emprestado Biblioteca de origem Biblioteca atual Data de aquisição Total de empréstimos Número de chamada completo Código de barras Data de último acesso Data do preço efetivo Tipo de material Koha
        Leonardo Da Vinci - Osasco Leonardo Da Vinci - Osasco 27/03/2024   351.981 S655g O009136 27/03/2024 27/03/2024 Livros